[Event "Team Championship (men rapid)"]
[Site "Sochi"]
[Date "2017.10.03"]
[Round "5.27"]
[White "Popov, Mikhail"]
[Black "Rozhko, Dmitry"]
[Result "0-1"]
[LiveChessVersion "1.4.8"]
[BlackElo "2250"]
[WhiteElo "2403"]

1. c4 {[%clk 0:15:18]} c6 {[%clk 0:15:19]} 2. Nf3 {[%clk 0:15:24]} d5
{[%clk 0:15:28]} 3. d4 {[%clk 0:15:33]} Nf6 {[%clk 0:15:37]} 4. Nc3
{[%clk 0:15:42]} g6 {[%clk 0:15:38]} 5. Bf4 {[%clk 0:15:39]} Bg7 {[%clk 0:15:47]}
6. e3 {[%clk 0:15:42]} O-O {[%clk 0:15:52]} 7. h3 {[%clk 0:15:49]} Be6
{[%clk 0:15:13]} 8. Ng5 {[%clk 0:14:26]} Bf5 {[%clk 0:15:07]} 9. Qb3
{[%clk 0:13:16]} Qb6 {[%clk 0:14:55]} 10. c5 {[%clk 0:13:25]} Qxb3
{[%clk 0:14:56]} 11. axb3 {[%clk 0:13:34]} h6 {[%clk 0:14:35]} 12. Nf3
{[%clk 0:13:36]} g5 {[%clk 0:14:43]} 13. Bh2 {[%clk 0:13:02]} Nbd7
{[%clk 0:14:45]} 14. b4 {[%clk 0:12:55]} a6 {[%clk 0:14:53]} 15. g4
{[%clk 0:12:23]} Bh7 {[%clk 0:14:44]} 16. Nd2 {[%clk 0:11:47]} e5
{[%clk 0:11:21]} 17. dxe5 {[%clk 0:11:39]} Ne4 {[%clk 0:11:20]} 18. Ncxe4
{[%clk 0:11:23]} dxe4 {[%clk 0:11:27]} 19. Nc4 {[%clk 0:11:14]} Rae8
{[%clk 0:10:43]} 20. Rd1 {[%clk 0:06:29]} Nxe5 {[%clk 0:10:39]} 21. Nxe5
{[%clk 0:06:33]} Bxe5 {[%clk 0:10:47]} 22. Bxe5 {[%clk 0:06:41]} Rxe5
{[%clk 0:10:56]} 23. Rd7 {[%clk 0:06:44]} a5 {[%clk 0:10:43]} 24. Rxb7
{[%clk 0:05:36]} axb4 {[%clk 0:10:49]} 25. Bc4 {[%clk 0:05:23]} Rxc5
{[%clk 0:10:50]} 26. b3 {[%clk 0:05:32]} Ra5 {[%clk 0:10:24]} 27. O-O
{[%clk 0:05:30]} c5 {[%clk 0:09:40]} 28. Rd1 {[%clk 0:05:32]} Bg6
{[%clk 0:09:48]} 29. Rc7 {[%clk 0:04:27]} Kg7 {[%clk 0:08:21]} 30. Rd5
{[%clk 0:04:06]} Kf6 {[%clk 0:07:40]} 31. Rcxc5 {[%clk 0:03:13]} Rxc5
{[%clk 0:07:48]} 32. Rxc5 {[%clk 0:03:22]} Rb8 {[%clk 0:07:40]} 33. Rc7
{[%clk 0:03:26]} h5 {[%clk 0:07:40]} 34. gxh5 {[%clk 0:02:30]} Bxh5
{[%clk 0:07:47]} 35. Kg2 {[%clk 0:02:39]} Rb6 {[%clk 0:07:36]} 36. Kg3
{[%clk 0:02:38]} Kg7 {[%clk 0:06:47]} 37. h4 {[%clk 0:02:18]} gxh4+
{[%clk 0:06:46]} 38. Kxh4 {[%clk 0:02:27]} Bg6 {[%clk 0:06:48]} 39. Kg3
{[%clk 0:02:34]} Kf8 {[%clk 0:05:52]} 40. Ra7 {[%clk 0:02:13]} Kg7
{[%clk 0:05:47]} 41. Ra4 {[%clk 0:01:48]} Kh6 {[%clk 0:05:49]} 42. Kf4
{[%clk 0:01:37]} Rf6+ {[%clk 0:05:48]} 43. Ke5 {[%clk 0:01:35]} Rxf2
{[%clk 0:05:50]} 44. Rxb4 {[%clk 0:01:44]} Kg5 {[%clk 0:05:29]} 45. Rb8
{[%clk 0:01:41]} Rd2 {[%clk 0:03:20]} 46. b4 {[%clk 0:01:29]} f6+
{[%clk 0:03:24]} 47. Ke6 {[%clk 0:01:38]} Bf5+ {[%clk 0:03:18]} 48. Kf7
{[%clk 0:01:26]} Rd7+ {[%clk 0:03:20]} 49. Kg8 {[%clk 0:01:34]} Rc7
{[%clk 0:03:11]} 50. Bf7 {[%clk 0:01:20]} Bg6 {[%clk 0:01:12]} 51. Bd5
{[%clk 0:00:32]} Rd7 {[%clk 0:00:39]} 52. Bc6 {[%clk 0:00:40]} Rd3
{[%clk 0:00:45]} 53. b5 {[%clk 0:00:47]} Rxe3 {[%clk 0:00:34]} 54. b6
{[%clk 0:00:56]} Rc3 {[%clk 0:00:43]} 55. Bb5 {[%clk 0:00:30]} Rb3
{[%clk 0:00:46]} 56. Bc4 {[%clk 0:00:38]} Rb4 {[%clk 0:00:52]} 57. Be2
{[%clk 0:00:45]} Rb2 {[%clk 0:00:57]} 58. Bc4 {[%clk 0:00:34]} e3
{[%clk 0:01:02]} 59. b7 {[%clk 0:00:13]} Be4 {[%clk 0:01:10]} 60. Re8
{[%clk 0:00:15]} Bxb7 {[%clk 0:01:16]} 61. Rxe3 {[%clk 0:00:22]} f5
{[%clk 0:01:18]} 62. Kf7 {[%clk 0:00:30]} f4 {[%clk 0:01:23]} 63. Re1
{[%clk 0:00:24]} f3 {[%clk 0:01:21]} 64. Ke6 {[%clk 0:00:19]} Kf4
{[%clk 0:01:27]} 65. Bf1 {[%clk 0:00:12]} Be4 {[%clk 0:01:21]} 66. Kd6
{[%clk 0:00:14]} Rd2+ {[%clk 0:01:28]} 67. Kc5 {[%clk 0:00:22]} Bd3
{[%clk 0:01:36]} 68. Bh3 {[%clk 0:00:24]} Kg3 {[%clk 0:01:36]} 69. Kd4
{[%clk 0:00:15]} Kxh3 {[%clk 0:01:27]} 70. Ke3 {[%clk 0:00:21]} Re2+
{[%clk 0:01:34]} 71. Kd4 0-1

[Event "Team Championship (men rapid)"]
[Site "Sochi"]
[Date "2017.10.03"]
[Round "5.28"]
[White "Zaichikov, Andrey"]
[Black "Barskij, Vladimir"]
[Result "1-0"]
[WhiteElo "2048"]
[BlackElo "2387"]
[PlyCount "61"]
[EventDate "2017.??.??"]
[TimeControl "1200+275"]
[WhiteClock "0:00:18"]
[BlackClock "0:00:33"]

1. e4 c5 2. Nf3 e6 3. d3 d5 4. Nbd2 Nc6 5. g3 g6 6. Bg2 Bg7 7. O-O Nf6 8. c3
O-O 9. e5 Nd7 10. d4 cxd4 11. cxd4 f6 12. exf6 Qxf6 13. Nb3 h6 14. h4 Nb6 15.
Qc2 Nc4 16. Bf4 b6 17. Rad1 Bd7 (17... Ba6) (17... Nb4 18. Qb1 Qf5 19. a3 (19.
Qxf5 Rxf5 20. a3 Nc6)) 18. Nbd2 Nxd2 19. Qxd2 Kh7 20. Rfe1 Rac8 21. Ne5 Nxe5
22. Bxe5 Qf5 23. Bxg7 Kxg7 24. Rc1 Qf6 25. f4 Rc4 26. Rxc4 dxc4 27. d5 Rd8 28.
Re5 Bc8 (28... Bc6 29. d6 Bd5 30. Bxd5 Rxd6) 29. Qe3 exd5 30. Bxd5 Kf8 31. Bxc4
{Ke8} 1-0

[Event "Team Championship (men rapid)"]
[Site "Sochi"]
[Date "2017.10.03"]
[Round "5.29"]
[White "Kezin, Roman"]
[Black "Pogromsky, Mikhail"]
[Result "1-0"]
[LiveChessVersion "1.4.8"]
[BlackElo "2524"]
[WhiteElo "2491"]

1. d4 {[%clk 0:15:18]} Nf6 {[%clk 0:15:13]} 2. c4 {[%clk 0:15:25]} e6
{[%clk 0:15:19]} 3. g3 {[%clk 0:15:32]} d5 {[%clk 0:15:22]} 4. Bg2
{[%clk 0:15:39]} g6 {[%clk 0:15:28]} 5. Nf3 {[%clk 0:15:34]} Bg7 {[%clk 0:15:36]}
6. O-O {[%clk 0:15:40]} O-O {[%clk 0:15:43]} 7. Nc3 {[%clk 0:15:33]} c6
{[%clk 0:15:25]} 8. Qd3 {[%clk 0:15:24]} b6 {[%clk 0:15:07]} 9. b3
{[%clk 0:15:32]} Ba6 {[%clk 0:15:05]} 10. Ba3 {[%clk 0:14:57]} Re8
{[%clk 0:15:10]} 11. e4 {[%clk 0:15:03]} b5 {[%clk 0:14:27]} 12. Nd2
{[%clk 0:10:22]} dxc4 {[%clk 0:10:00]} 13. bxc4 e5 {[%clk 0:10:07]} 14. d5
{[%clk 0:07:35]} bxc4 {[%clk 0:10:00]} 15. Nxc4 {[%clk 0:04:37]} cxd5
{[%clk 0:09:08]} 16. Nxd5 {[%clk 0:04:30]} Nxd5 {[%clk 0:08:50]} 17. Rfd1
{[%clk 0:02:36]} Nc6 {[%clk 0:03:59]} 18. Qxd5 {[%clk 0:02:35]} Qxd5
{[%clk 0:02:26]} 19. exd5 {[%clk 0:01:29]} Nd4 {[%clk 0:02:32]} 20. d6
{[%clk 0:01:22]} Rad8 {[%clk 0:01:02]} 21. Ne3 {[%clk 0:01:31]} Bf8
{[%clk 0:00:58]} 22. Nd5 {[%clk 0:01:36]} Kg7 {[%clk 0:00:14]} 23. Nc7
{[%clk 0:01:44]} Re6 {[%clk 0:00:12]} 24. Nxe6+ {[%clk 0:00:42]} fxe6
{[%clk 0:00:21]} 25. Bc5 {[%clk 0:00:51]} Bxd6 {[%clk 0:00:18]} 26. Bxd4
{[%clk 0:00:58]} exd4 {[%clk 0:00:25]} 27. Rxd4 {[%clk 0:01:07]} Bc7
{[%clk 0:00:28]} 28. Rxd8 {[%clk 0:01:16]} Bxd8 29. Rd1 {[%clk 0:01:24]} Bb6
{[%clk 0:00:44]} 30. Rd7+ {[%clk 0:01:31]} Kg8 {[%clk 0:00:39]} 31. Bf1
{[%clk 0:01:17]} Bc8 {[%clk 0:00:23]} 32. Re7 {[%clk 0:01:26]} Kf8
{[%clk 0:00:33]} 33. Rxh7 {[%clk 0:01:34]} Kg8 {[%clk 0:00:40]} 34. Rh4
{[%clk 0:01:40]} e5 {[%clk 0:00:44]} 35. Rc4 {[%clk 0:01:39]} Bf5
{[%clk 0:00:35]} 36. Rc3 {[%clk 0:01:41]} Kf7 {[%clk 0:00:39]} 37. Bd3
{[%clk 0:01:45]} e4 {[%clk 0:00:44]} 38. Bc2 {[%clk 0:01:34]} Kf6
{[%clk 0:00:30]} 39. Kg2 {[%clk 0:01:36]} Ke5 {[%clk 0:00:27]} 40. h3
{[%clk 0:00:38]} Be6 {[%clk 0:00:11]} 41. Bb3 {[%clk 0:00:46]} Bd7
{[%clk 0:00:18]} 42. Rc1 {[%clk 0:00:40]} a5 {[%clk 0:00:17]} 43. Bf7
{[%clk 0:00:29]} g5 {[%clk 0:00:23]} 44. Rb1 {[%clk 0:00:24]} Bc5
{[%clk 0:00:18]} 45. Rb8 {[%clk 0:00:28]} Bc6 {[%clk 0:00:18]} 46. Kg1
{[%clk 0:00:29]} e3 {[%clk 0:00:15]} 47. fxe3 {[%clk 0:00:36]} Bxe3+
{[%clk 0:00:24]} 48. Kh2 {[%clk 0:00:45]} Kf6 {[%clk 0:00:24]} 49. Bc4
{[%clk 0:00:36]} Ke7 {[%clk 0:00:12]} 50. Rc8 {[%clk 0:00:42]} Bf3
{[%clk 0:00:13]} 51. Bb3 {[%clk 0:00:40]} Bd2 {[%clk 0:00:20]} 52. Rc5
{[%clk 0:00:35]} Kd6 {[%clk 0:00:25]} 53. Rf5 {[%clk 0:00:35]} Be4
{[%clk 0:00:33]} 54. Rf8 {[%clk 0:00:43]} Ke7 {[%clk 0:00:38]} 55. Rf2
{[%clk 0:00:49]} 1-0

[Event "Team Championship (men rapid)"]
[Site "Sochi"]
[Date "2017.10.03"]
[Round "5.30"]
[White "Vokarev, Sergey"]
[Black "Antonenko, Vladimir"]
[Result "0-1"]
[LiveChessVersion "1.4.8"]
[BlackElo "2405"]
[WhiteElo "2453"]

1. e4 {[%clk 0:15:19]} c5 {[%clk 0:15:19]} 2. Nf3 {[%clk 0:15:28]} Nc6
{[%clk 0:15:28]} 3. d4 {[%clk 0:15:38]} cxd4 {[%clk 0:15:36]} 4. Nxd4
{[%clk 0:15:47]} e6 {[%clk 0:15:45]} 5. Nb5 {[%clk 0:15:51]} d6 {[%clk 0:15:52]}
6. Bf4 {[%clk 0:16:01]} e5 7. Be3 a6 {[%clk 0:15:11]} 8. N5c3 {[%clk 0:16:19]}
Nf6 {[%clk 0:15:18]} 9. Bg5 {[%clk 0:16:02]} Be7 {[%clk 0:15:26]} 10. Nd2
{[%clk 0:15:17]} Be6 {[%clk 0:14:46]} 11. Nc4 {[%clk 0:13:47]} Nd4
{[%clk 0:14:12]} 12. Bd3 {[%clk 0:12:58]} Rc8 {[%clk 0:12:18]} 13. Ne3
{[%clk 0:13:06]} O-O {[%clk 0:10:18]} 14. O-O {[%clk 0:12:51]} Nd7
{[%clk 0:08:50]} 15. Bxe7 {[%clk 0:12:51]} Qxe7 {[%clk 0:08:59]} 16. Ncd5
{[%clk 0:12:58]} Qd8 {[%clk 0:09:06]} 17. c3 {[%clk 0:13:03]} Nc6
{[%clk 0:09:12]} 18. Bc2 {[%clk 0:13:08]} Ne7 {[%clk 0:07:32]} 19. Qd2
{[%clk 0:12:44]} Nb6 {[%clk 0:07:18]} 20. Bb3 {[%clk 0:12:25]} Nexd5
{[%clk 0:06:40]} 21. Nxd5 {[%clk 0:12:12]} Nxd5 {[%clk 0:06:15]} 22. Bxd5
{[%clk 0:12:21]} Bxd5 {[%clk 0:06:23]} 23. Qxd5 {[%clk 0:12:30]} Qb6
{[%clk 0:06:30]} 24. Qb3 {[%clk 0:11:03]} Qxb3 {[%clk 0:06:28]} 25. axb3
{[%clk 0:11:11]} Rc6 {[%clk 0:06:31]} 26. Rfd1 {[%clk 0:11:19]} Rd8
{[%clk 0:06:19]} 27. Rd5 {[%clk 0:11:15]} Kf8 {[%clk 0:06:26]} 28. Rad1
{[%clk 0:11:02]} Ke7 {[%clk 0:06:34]} 29. b4 {[%clk 0:11:09]} b5 {[%clk 0:06:06]}
30. f3 {[%clk 0:10:57]} Ra8 {[%clk 0:06:10]} 31. Ra1 {[%clk 0:11:06]} Rb8
{[%clk 0:06:18]} 32. Kf2 {[%clk 0:10:48]} Ke6 {[%clk 0:06:24]} 33. Rad1
{[%clk 0:10:35]} g6 {[%clk 0:06:23]} 34. g4 {[%clk 0:10:37]} f6 {[%clk 0:06:25]}
35. h4 {[%clk 0:10:34]} Rh8 {[%clk 0:06:31]} 36. R5d2 {[%clk 0:09:24]} h5
{[%clk 0:06:12]} 37. Rg1 {[%clk 0:08:42]} hxg4 {[%clk 0:06:09]} 38. Rxg4
{[%clk 0:08:47]} Rh6 {[%clk 0:06:00]} 39. Kg3 {[%clk 0:08:14]} f5
{[%clk 0:05:11]} 40. Rg5 {[%clk 0:08:21]} Rc4 {[%clk 0:04:22]} 41. h5
{[%clk 0:07:49]} f4+ {[%clk 0:03:42]} 42. Kg4 {[%clk 0:07:52]} gxh5+
{[%clk 0:03:40]} 43. Rxh5 {[%clk 0:08:00]} Rxh5 {[%clk 0:03:41]} 44. Kxh5
{[%clk 0:08:07]} Rc8 {[%clk 0:03:47]} 45. Rg2 {[%clk 0:03:25]} Rh8+
{[%clk 0:03:56]} 46. Kg4 {[%clk 0:03:34]} Rh1 {[%clk 0:03:57]} 47. Kg5
{[%clk 0:03:33]} Rf1 {[%clk 0:02:21]} 48. Kg4 {[%clk 0:03:41]} Kf6
{[%clk 0:01:54]} 49. Rd2 {[%clk 0:03:34]} Rg1+ {[%clk 0:02:02]} 50. Kh3
{[%clk 0:03:25]} Rg3+ {[%clk 0:02:04]} 51. Kh2 {[%clk 0:03:34]} Rxf3
{[%clk 0:01:49]} 52. Rxd6+ {[%clk 0:03:42]} Kg5 {[%clk 0:01:58]} 53. Re6
{[%clk 0:03:47]} Re3 {[%clk 0:01:48]} 54. Rxe5+ {[%clk 0:03:50]} Kg4
{[%clk 0:01:57]} 55. Re6 {[%clk 0:03:36]} Re2+ {[%clk 0:02:05]} 56. Kg1
{[%clk 0:03:44]} Rxb2 {[%clk 0:01:16]} 57. Rxa6 {[%clk 0:03:48]} Kg3
{[%clk 0:00:29]} 58. Rg6+ {[%clk 0:03:52]} Kf3 {[%clk 0:00:37]} 59. e5
{[%clk 0:03:57]} Rb1+ {[%clk 0:00:17]} 60. Kh2 {[%clk 0:04:06]} Re1
{[%clk 0:00:18]} 61. Rg5 {[%clk 0:04:07]} Kf2 {[%clk 0:00:22]} 62. Rg2+
{[%clk 0:03:55]} Kf3 {[%clk 0:00:16]} 63. Rg5 {[%clk 0:04:04]} Kf2
{[%clk 0:00:25]} 64. Rg2+ {[%clk 0:04:07]} Ke3 {[%clk 0:00:17]} 65. e6
{[%clk 0:04:04]} f3 {[%clk 0:00:14]} 66. e7 {[%clk 0:03:32]} Kd3 {[%clk 0:00:18]}
67. Rf2 {[%clk 0:02:58]} Kxc3 68. Rxf3+ Kxb4 {[%clk 0:00:24]} 69. Rf7
{[%clk 0:03:15]} Kc3 {[%clk 0:00:29]} 70. Kg3 {[%clk 0:03:10]} b4
{[%clk 0:00:37]} 71. Rf3+ {[%clk 0:03:03]} Kb2 {[%clk 0:00:30]} 72. Rf7
{[%clk 0:00:59]} b3 {[%clk 0:00:36]} 73. Kf4 {[%clk 0:00:56]} Ka2
{[%clk 0:00:38]} 0-1

[Event "Team Championship (men rapid)"]
[Site "Sochi"]
[Date "2017.10.03"]
[Round "5.31"]
[White "Gubsky, Egor"]
[Black "Kozlov, Oleg"]
[Result "1/2-1/2"]
[LiveChessVersion "1.4.8"]
[BlackElo "2356"]
[WhiteElo "2319"]

1. d4 {[%clk 0:15:19]} d5 {[%clk 0:15:20]} 2. c4 {[%clk 0:15:28]} e6
{[%clk 0:15:29]} 3. Nc3 {[%clk 0:15:36]} Nf6 {[%clk 0:15:38]} 4. cxd5
{[%clk 0:15:44]} exd5 {[%clk 0:15:48]} 5. Bg5 {[%clk 0:15:52]} Nbd7
{[%clk 0:15:55]} 6. e3 {[%clk 0:16:01]} c6 {[%clk 0:16:05]} 7. Bd3
{[%clk 0:16:10]} Bd6 {[%clk 0:16:14]} 8. Qc2 {[%clk 0:16:16]} h6 {[%clk 0:16:23]}
9. Bh4 {[%clk 0:16:24]} O-O {[%clk 0:16:31]} 10. Nf3 {[%clk 0:16:25]} Re8
{[%clk 0:16:40]} 11. O-O {[%clk 0:16:30]} Nf8 {[%clk 0:16:48]} 12. Rab1
{[%clk 0:16:34]} a5 {[%clk 0:16:57]} 13. a3 {[%clk 0:16:40]} Bg4 {[%clk 0:16:52]}
14. Nd2 {[%clk 0:16:09]} Bd7 {[%clk 0:15:43]} 15. Nf3 {[%clk 0:14:59]} Bg4
{[%clk 0:14:55]} 16. b4 {[%clk 0:14:42]} axb4 {[%clk 0:15:03]} 17. axb4
{[%clk 0:14:51]} Ra3 {[%clk 0:14:00]} 18. b5 {[%clk 0:14:25]} Qa5
{[%clk 0:13:52]} 19. Rfc1 {[%clk 0:13:24]} Bxf3 {[%clk 0:07:53]} 20. gxf3
{[%clk 0:12:45]} N8d7 {[%clk 0:07:39]} 21. bxc6 {[%clk 0:12:44]} bxc6
{[%clk 0:07:48]} 22. Ne2 {[%clk 0:12:13]} Rc8 {[%clk 0:06:42]} 23. Bg3
{[%clk 0:11:35]} Bf8 {[%clk 0:06:32]} 24. Rb7 {[%clk 0:10:22]} Ra2
{[%clk 0:05:53]} 25. Qc3 {[%clk 0:10:26]} Qa8 {[%clk 0:05:18]} 26. Rc7
{[%clk 0:05:01]} Rxc7 {[%clk 0:05:08]} 27. Bxc7 {[%clk 0:05:09]} c5
{[%clk 0:05:16]} 28. dxc5 {[%clk 0:05:01]} Nxc5 {[%clk 0:05:17]} 29. Bc2
{[%clk 0:05:05]} Ra3 {[%clk 0:03:54]} 30. Qd2 {[%clk 0:05:09]} Ra2
{[%clk 0:03:20]} 31. Qc3 {[%clk 0:04:56]} Ra3 {[%clk 0:03:22]} 32. Qd2
{[%clk 0:04:54]} Ra2 {[%clk 0:02:31]} 33. Qd1 {[%clk 0:05:02]} Ne6
{[%clk 0:02:12]} 34. Bb1 {[%clk 0:05:01]} Ra4 {[%clk 0:01:18]} 35. Be5
{[%clk 0:05:06]} Nd7 {[%clk 0:01:18]} 36. Bg3 {[%clk 0:04:42]} g6
{[%clk 0:00:24]} 37. Kg2 {[%clk 0:03:56]} Bg7 {[%clk 0:00:32]} 38. Qb3
{[%clk 0:03:43]} Ndc5 {[%clk 0:00:30]} 39. Qb5 {[%clk 0:03:24]} Ra5
{[%clk 0:00:32]} 40. Qb6 {[%clk 0:03:12]} Ra6 {[%clk 0:00:27]} 41. Qb4
{[%clk 0:03:14]} Ra4 {[%clk 0:00:35]} 42. Qe1 {[%clk 0:02:58]} Nb3
{[%clk 0:00:34]} 43. Rd1 {[%clk 0:02:49]} Ra1 {[%clk 0:00:26]} 44. Bc2
{[%clk 0:02:41]} Rxd1 {[%clk 0:00:25]} 45. Qxd1 {[%clk 0:02:48]} Nbc5
{[%clk 0:00:34]} 46. Bd6 {[%clk 0:02:43]} Qc6 {[%clk 0:00:38]} 47. Bb8
{[%clk 0:02:39]} Nd7 {[%clk 0:00:32]} 48. Ba4 {[%clk 0:02:44]} Qb7
{[%clk 0:00:41]} 49. Bg3 {[%clk 0:02:37]} Ndc5 {[%clk 0:00:38]} 50. Bc2
{[%clk 0:02:43]} h5 {[%clk 0:00:44]} 51. h4 {[%clk 0:02:47]} Qb2 {[%clk 0:00:35]}
52. Nf4 {[%clk 0:02:25]} Nxf4+ {[%clk 0:00:40]} 53. Bxf4 {[%clk 0:02:34]} d4
{[%clk 0:00:43]} 54. exd4 {[%clk 0:02:21]} Bxd4 {[%clk 0:00:51]} 55. Qe2
{[%clk 0:02:23]} Ne6 {[%clk 0:00:55]} 56. Bg3 {[%clk 0:02:26]} Bf6
{[%clk 0:00:58]} 57. Qc4 {[%clk 0:02:28]} Qb6 {[%clk 0:01:00]} 58. Qd5
{[%clk 0:02:24]} Kg7 {[%clk 0:01:02]} 59. Qe4 {[%clk 0:02:08]} Qb2
{[%clk 0:01:01]} 60. Bd3 {[%clk 0:02:11]} Nc5 {[%clk 0:00:59]} 61. Qd5
{[%clk 0:02:11]} Nxd3 {[%clk 0:01:07]} 62. Qxd3 {[%clk 0:02:20]} Qb4
{[%clk 0:01:16]} 63. Qe4 {[%clk 0:01:02]} Qc5 {[%clk 0:01:21]} 64. Qa8
{[%clk 0:01:00]} Qe7 {[%clk 0:00:57]} 65. Qa4 {[%clk 0:01:04]} Qe6
{[%clk 0:00:56]} 66. Qe4 {[%clk 0:01:13]} Qf5 {[%clk 0:00:43]} 67. Qe8
{[%clk 0:01:12]} g5 {[%clk 0:00:34]} 68. hxg5 {[%clk 0:00:30]} Qxg5
{[%clk 0:00:41]} 69. Qe3 {[%clk 0:00:37]} Qg6 {[%clk 0:00:42]} 70. Qe4
{[%clk 0:00:46]} Qg5 {[%clk 0:00:31]} 71. Qe3 {[%clk 0:00:50]} h4
{[%clk 0:00:29]} 72. Qxg5+ {[%clk 0:00:58]} Bxg5 {[%clk 0:00:39]} 73. Be5+
{[%clk 0:01:06]} Kg6 {[%clk 0:00:45]} 74. Bc3 {[%clk 0:01:07]} Kf5
{[%clk 0:00:51]} 75. Bd4 {[%clk 0:01:13]} Bd2 {[%clk 0:00:49]} 76. Be3
{[%clk 0:01:20]} Bc3 {[%clk 0:00:49]} 77. Kh3 {[%clk 0:01:29]} Bf6
{[%clk 0:00:58]} 78. Bd2 {[%clk 0:01:34]} Be7 {[%clk 0:00:46]} 79. Bc1
{[%clk 0:01:43]} Ke6 {[%clk 0:00:46]} 80. Bh6 {[%clk 0:01:49]} Ke5
{[%clk 0:00:39]} 81. Be3 {[%clk 0:01:43]} f5 {[%clk 0:00:44]} 82. Bh6
{[%clk 0:01:48]} Kd4 {[%clk 0:00:45]} 83. f4 {[%clk 0:01:05]} Ke4
{[%clk 0:00:54]} 84. Bg5 {[%clk 0:01:13]} Bc5 {[%clk 0:01:03]} 85. Bxh4
{[%clk 0:01:19]} Kf3 {[%clk 0:01:09]} 86. Bg3 {[%clk 0:00:44]} Bxf2
{[%clk 0:00:52]} 87. Bxf2 {[%clk 0:00:53]} Kxf2 {[%clk 0:01:02]} 88. Kh2
{[%clk 0:01:02]} Kf3 {[%clk 0:01:08]} 89. Kg1 {[%clk 0:01:11]} Kg3
{[%clk 0:01:11]} 90. Kf1 {[%clk 0:01:20]} Kf3 {[%clk 0:01:17]} 91. Ke1
{[%clk 0:01:29]} Kxf4 {[%clk 0:01:26]} 92. Kf2 {[%clk 0:01:38]} Ke4 93. Ke2 Kf4
{[%clk 0:01:41]} 94. Kf2 {[%clk 0:01:57]} Kg4 {[%clk 0:01:51]} 95. Kg2
{[%clk 0:02:07]} f4 {[%clk 0:01:54]} 96. Kf2 {[%clk 0:02:16]} f3 {[%clk 0:02:04]}
97. Kf1 {[%clk 0:02:24]} Kf5 {[%clk 0:02:13]} 98. Kf2 {[%clk 0:02:33]} Kf4
{[%clk 0:02:22]} 99. Kf1 {[%clk 0:02:43]} Ke4 100. Kf2 Kf4 {[%clk 0:02:28]} 101.
Kf1 {[%clk 0:02:52]} Kf5 {[%clk 0:02:27]} 102. Kf2 Kg4 103. Kf1 {[%clk 0:03:11]}
Kf4 {[%clk 0:02:39]} 104. Kf2 {[%clk 0:03:29]} 1/2-1/2

[Event "Team Championship (men rapid)"]
[Site "Sochi"]
[Date "2017.10.03"]
[Round "5.32"]
[White "Ozgibcev, Anatoly"]
[Black "Kamrukov, Alexey"]
[Result "1-0"]
[LiveChessVersion "1.4.8"]
[BlackElo "2117"]
[WhiteElo "2346"]

1. e4 {[%clk 0:15:13]} c5 {[%clk 0:15:19]} 2. c3 {[%clk 0:15:22]} d5
{[%clk 0:15:25]} 3. exd5 {[%clk 0:15:30]} Qxd5 {[%clk 0:15:33]} 4. d4
{[%clk 0:15:39]} Nf6 {[%clk 0:15:34]} 5. Nf3 {[%clk 0:15:48]} Bg4
{[%clk 0:15:38]} 6. Qa4+ {[%clk 0:15:55]} Bd7 {[%clk 0:15:32]} 7. Qb3
{[%clk 0:16:04]} Qxb3 {[%clk 0:14:41]} 8. axb3 {[%clk 0:16:12]} e6
{[%clk 0:13:32]} 9. dxc5 {[%clk 0:16:14]} Bxc5 {[%clk 0:13:39]} 10. b4
{[%clk 0:16:20]} Be7 {[%clk 0:12:33]} 11. Be2 {[%clk 0:15:58]} O-O 12. O-O
{[%clk 0:15:44]} Bc6 {[%clk 0:11:39]} 13. Nbd2 {[%clk 0:13:13]} Nbd7
{[%clk 0:11:11]} 14. Nd4 {[%clk 0:13:02]} Be4 {[%clk 0:09:48]} 15. Nxe4
{[%clk 0:11:13]} Nxe4 {[%clk 0:09:57]} 16. Re1 {[%clk 0:10:43]} Nd6
{[%clk 0:09:22]} 17. Nb5 {[%clk 0:10:31]} Nxb5 {[%clk 0:09:13]} 18. Bxb5
{[%clk 0:10:39]} Nf6 {[%clk 0:09:09]} 19. Be2 {[%clk 0:10:28]} Rfd8
{[%clk 0:08:54]} 20. Bf3 {[%clk 0:10:32]} Rd7 {[%clk 0:09:02]} 21. Be3
{[%clk 0:10:08]} a6 {[%clk 0:07:45]} 22. b5 {[%clk 0:09:58]} Nd5 {[%clk 0:06:59]}
23. bxa6 {[%clk 0:08:00]} Rxa6 {[%clk 0:06:47]} 24. Rxa6 {[%clk 0:07:23]} bxa6
{[%clk 0:06:55]} 25. Rd1 {[%clk 0:06:53]} Nf6 {[%clk 0:06:00]} 26. Rxd7
{[%clk 0:06:36]} Nxd7 {[%clk 0:06:08]} 27. Kf1 {[%clk 0:05:26]} Kf8
{[%clk 0:05:44]} 28. Ke2 {[%clk 0:05:24]} Bd6 {[%clk 0:05:35]} 29. b4
{[%clk 0:04:46]} Ke7 {[%clk 0:04:45]} 30. Bb7 {[%clk 0:04:40]} Nb8
{[%clk 0:04:52]} 31. Ba7 {[%clk 0:04:38]} Kd7 {[%clk 0:04:41]} 32. Bxb8
{[%clk 0:04:28]} Bxb8 {[%clk 0:04:49]} 33. Bxa6 {[%clk 0:04:37]} Be5
{[%clk 0:04:15]} 34. Kd3 {[%clk 0:04:38]} Kc6 {[%clk 0:03:52]} 35. c4
{[%clk 0:03:50]} Kb6 {[%clk 0:02:40]} 36. Bb5 {[%clk 0:03:58]} Bd6
{[%clk 0:01:33]} 37. Kc3 {[%clk 0:04:03]} Bxh2 {[%clk 0:01:35]} 38. Be8
{[%clk 0:04:08]} f6 {[%clk 0:01:17]} 39. c5+ {[%clk 0:04:15]} Kc7
{[%clk 0:01:07]} 40. Kc4 {[%clk 0:04:13]} Bg1 {[%clk 0:00:54]} 41. f3
{[%clk 0:04:21]} e5 {[%clk 0:00:18]} 42. Bf7 {[%clk 0:04:06]} f5 {[%clk 0:00:14]}
43. Bd5 {[%clk 0:04:11]} g5 {[%clk 0:00:14]} 44. b5 {[%clk 0:04:07]} h5
{[%clk 0:00:13]} 45. b6+ {[%clk 0:04:08]} Kb8 {[%clk 0:00:16]} 46. Kb5
{[%clk 0:04:14]} Bh2 {[%clk 0:00:11]} 47. c6 {[%clk 0:04:09]} e4 {[%clk 0:00:20]}
48. fxe4 {[%clk 0:04:14]} fxe4 {[%clk 0:00:29]} 49. Bxe4 {[%clk 0:04:23]} g4
{[%clk 0:00:34]} 50. Bf5 {[%clk 0:04:10]} Bf4 {[%clk 0:00:37]} 51. c7+
{[%clk 0:03:51]} Bxc7 {[%clk 0:00:44]} 52. bxc7+ {[%clk 0:03:59]} Kxc7
{[%clk 0:00:52]} 53. Kc5 {[%clk 0:04:09]} Kd8 {[%clk 0:00:49]} 54. Kd6
{[%clk 0:04:17]} Ke8 {[%clk 0:00:58]} 55. Bg6+ {[%clk 0:04:20]} Kf8
{[%clk 0:01:07]} 56. Bxh5 {[%clk 0:04:29]} 1-0